World development report 1993: investing in health: executive summary (Record no. 62051)

MARC details
000 -LEADER
fixed length control field 00578nam a2200145 a 4500
008 - FIXED-LENGTH DATA ELEMENTS--GENERAL INFORMATION
fixed length control field 140422s1993 ||||||||||||||||| || u
020 ## - INTERNATIONAL STANDARD BOOK NUMBER
International Standard Book Number 0195208900
050 ## - LIBRARY OF CONGRESS CALL NUMBER
Classification number IBRD(058)WDR/ES/1993
245 00 - TITLE STATEMENT
Title World development report 1993: investing in health: executive summary
260 ## - PUBLICATION, DISTRIBUTION, ETC.
Place of publication, distribution, etc. Oxford
Name of publisher, distributor, etc. World Bank
Date of publication, distribution, etc. 1993
300 ## - PHYSICAL DESCRIPTION
Extent vi, 23p. : ill.
650 #0 - SUBJECT ADDED ENTRY--TOPICAL TERM
Topical term or geographic name entry element ECONOMIC DEVELOPMENT--AFRICA, SUB-SAHARAN
650 ## - SUBJECT ADDED ENTRY--TOPICAL TERM
Topical term or geographic name entry element HEALTH - FINANCE
995 ## - RECOMMENDATION 995 [LOCAL, UNIMARC FRANCE]
-- CBU-MAIN LIBRARY (Kitwe)
-- 1
-- AVAILABLE
-- Apr 22, 2014
-- International Publications
Holdings
Withdrawn status Lost status Source of classification or shelving scheme Damaged status Not for loan Home library Current library Shelving location Date acquired Total Checkouts Full call number Barcode Date last seen Price effective from Koha item type
          CBU-MAIN LIBRARY, KITWE. CBU-MAIN LIBRARY, KITWE.   11/30/2022   IBRD(058)WDR/ES/1993 019349 11/30/2022 11/30/2022 MONOGRAPH